Logo BPK

Biblioteka

Politechniki Koszalińskiej

The Dogs of War / (Rekord nr 48564)

Szczegóły MARC
000 -ETYKIETA REKORDU
podpole kontrolne o stałej długości 00445nam a2200169 i 4500
001 - NUMER KONTROLNY REKORDU
pole kontrolne bgj
040 ## - ŹRÓDŁO KATALOGOWANIA
Instytucja, która utworzyła rekord BPK
041 0# - KOD JĘZYKA
Kod języka tekstu eng
008 - POLE O STAŁEJ DŁUGOŚCI - DANE KONTROLNE
podpole kontrolne o stałej długości s uk f |000 0 eng
100 1# - NAZWA OSOBOWA
Nazwa osobowa FORSYTH, Frederick
Daty związane z nazwą (1938- ).
245 10 - TYTUŁ/ODPOWIEDZIALNOŚĆ
Tytuł The Dogs of War /
Pozostałe elementy strefy tytułu i oznaczenia odpowiedzialności Frederick Forsyth.
260 ## - STREFA ADRESU WYDAWNICZEGO
Miejsce wydania Toronto :
Nazwa wydawcy/dystrybutora Bantam Books,
Data publikacji, dystrybucji/powstania dokumentu 1985.
300 ## - STREFA OPISU FIZYCZNEGO
Objętość 371 pp ;
Rozmiary 18 cm.
650 #9 - HASŁO PRZEDMIOTOWE W FORMIE NAZWY OGÓLNEJ LUB JEDNOSTKOWEJ
Nazwa ogólna lub geograficzna Fiction in English
Określnik ogólny Texts
Określnik chronologiczny 1945-
650 #9 - HASŁO PRZEDMIOTOWE W FORMIE NAZWY OGÓLNEJ LUB JEDNOSTKOWEJ
Nazwa ogólna lub geograficzna English fiction
856 ## - LOKALIZACJA I DOSTĘP DO ELEKTRONICZNYCH DOKUMENTÓW ZDALNYCH
Link (URL) http://koha.tu.koszalin.pl/cgi-bin/koha/opac-detail.pl?biblionumber=48564
Tekst linku Katalog online BPK
942 ## - DODATKOWE ELEMENTY (KOHA)
Typ dokumentu Książka
Egzemplarze
Wycofany Status egzemplarza Uszkodzony Dostępność Lokalizacja stała Lokalizacja bieżąca Miejsce przechowywania Sygnatura Kod kreskowy Typ dokumentu
      Dostępny Biblioteka Politechniki Koszalińskiej Biblioteka Politechniki Koszalińskiej Wypożyczalnia Językowa KA 5837 09053977 Książka
© 2023 Biblioteka Politechniki Koszalińskiej :: KOHA